Memòria corresponent a l' exercici ... / Institut Català del Sòl -
Publicado:
Barcelona :
Generalitat de Catalunya, Departament de Política Territorial i Obres Públiques ,
1983
Descripción Física:
2 v. ; 26 cm
Materias:
Institut Català del Sòl -- Memòries
MARC
| LEADER | 00000nam a2200000Ia 4500 | ||
|---|---|---|---|
| 001 | 1462, 1463 | ||
| 008 | 160829s1983 xx 000 0 cat d | ||
| 080 | |a C-2-50, C-2-51 | ||
| 110 | 1 | |a Institut Català del Sol |9 52221 | |
| 245 | |a Memòria corresponent a l' exercici ... / Institut Català del Sòl - | ||
| 260 | |a Barcelona : |b Generalitat de Catalunya, Departament de Política Territorial i Obres Públiques, |c 1983 | ||
| 300 | |a 2 v. ; |c 26 cm | ||
| 650 | |a Institut Català del Sòl |x Memòries |9 23372 | ||
| 710 | |a Catalunya. |b Departament de Política Territorial i Obres Públiques |9 53042 | ||
| 866 | |a 1982, 1983 | ||
| 901 | |a Arxiu | ||
| 942 | |n 1 | ||
| 952 | |0 0 |1 0 |4 0 |6 C250_C251 |7 1 |9 42682 |a Arxiu |b Arxiu |d 2016-12-01 |l 0 |o C-2-50, C-2-51 |p 1462, 1463 |r 2016-12-01 00:00:00 |w 2016-12-01 |y ARXIU | ||
| 999 | |c 45188 |d 45188 | ||